000
00306nam a2200133Ia 4500
005
20251222175931.0
008
251222s9999||||xx |||||||||||||| ||spa||
020
_a
8440017790
082
_a
320.944/C24
245
0
_a
Las Empresas y la Izquierda
250
_a
1ra.ed.
264
_b
Cambio 16
942
_c
LIB
999
_c
41051
_d
41051